[Event "Sao Jose do Rio Preto YM"]
[Site "Sao Jose do Rio Preto"]
[Date "2005.??.??"]
[Round "4"]
[White "Crosa Coll, Martin"]
[Black "Cubas, Jose Fernando"]
[Result "1-0"]
[WhiteElo "2432"]
[BlackElo "2401"]
[PlyCount "99"]
[EventDate "2005.??.??"]
[EventType "tourn"]
[EventRounds "9"]
[EventCountry "BRA"]
[SourceTitle "EXT 2007"]
[Source "ChessBase"]
[SourceDate "2006.11.23"]
[SourceVersion "1"]
[SourceVersionDate "2006.11.23"]
[SourceQuality "1"]

1. c4 e5 2. Nc3 Nf6 3. Nf3 Nc6 4. d3 Be7 5. g3 d5 6. cxd5 Nxd5 7. Bg2 Nb6 8.
O-O O-O 9. Be3 Be6 10. Na4 Nd5 11. Bc5 Bd6 12. a3 b5 13. Bxd6 cxd6 14. Rc1 Rc8
15. Nc3 Nxc3 16. Rxc3 a5 17. d4 Bg4 18. Rxc6 Rxc6 19. Nxe5 dxe5 20. Bxc6 exd4
21. Qd3 b4 22. axb4 axb4 23. Rd1 Qe7 24. Bf3 Bxf3 25. Qxf3 Rd8 26. Qd3 g6 27.
e3 Kg7 28. exd4 Rd5 29. Kf1 Qd7 30. Qe4 h6 31. h4 h5 32. Rd2 Qd8 33. Ke2 Qd7
34. Ke3 Kh7 35. Rc2 f5 36. Qf4 Qe6+ 37. Kd2 Rd6 38. Rc7+ Rd7 39. Qe5 Qf7 40.
Rxd7 Qxd7 41. d5 Qb5 42. Qd4 b3 43. d6 f4 44. gxf4 Qf5 45. d7 Qc2+ 46. Ke1 Qc1+
47. Ke2 Qc2+ 48. Kf1 Qc1+ 49. Kg2 Qc6+ 50. Kh2 1-0

[Event "Sao Jose do Rio Preto YM"]
[Site "Sao Jose do Rio Preto"]
[Date "2005.??.??"]
[Round "5"]
[White "Cubas, Jose Fernando"]
[Black "Marra, Eduardo da Costa"]
[Result "1/2-1/2"]
[WhiteElo "2401"]
[BlackElo "2261"]
[PlyCount "71"]
[EventDate "2005.??.??"]
[EventType "tourn"]
[EventRounds "9"]
[EventCountry "BRA"]
[SourceTitle "EXT 2007"]
[Source "ChessBase"]
[SourceDate "2006.11.23"]
[SourceVersion "1"]
[SourceVersionDate "2006.11.23"]
[SourceQuality "1"]

1. e4 e5 2. Nf3 Nc6 3. Bc4 Nf6 4. d3 Be7 5. O-O O-O 6. Re1 d6 7. a4 Bg4 8. h3
Bh5 9. c3 Kh8 10. a5 a6 11. Nbd2 d5 12. exd5 Nxd5 13. Nf1 f6 14. Ng3 Bg6 15.
Qb3 Nf4 16. d4 Rb8 17. d5 Na7 18. Bxf4 exf4 19. Ne2 Bd6 20. Ned4 Qd7 21. Nh4
Bf7 22. Ne6 Rfe8 23. Nf5 g6 24. Nxd6 Qxd6 25. Qd1 Bxe6 26. Rxe6 Rxe6 27. dxe6
Qc5 28. Qd7 Qxc4 29. Rd1 Qe2 30. Rd2 Qe1+ 31. Kh2 Nc6 32. Qf7 Ne5 33. Qxf6+ Kg8
34. Rd8+ Rxd8 35. Qxd8+ Kg7 36. Qe7+ 1/2-1/2

[Event "Sao Jose do Rio Preto YM"]
[Site "Sao Jose do Rio Preto"]
[Date "2005.??.??"]
[Round "6"]
[White "Oliveira, Silvio Eduardo"]
[Black "Cubas, Jose Fernando"]
[Result "0-1"]
[WhiteElo "2242"]
[BlackElo "2401"]
[PlyCount "54"]
[EventDate "2005.??.??"]
[EventType "tourn"]
[EventRounds "9"]
[EventCountry "BRA"]
[SourceTitle "EXT 2007"]
[Source "ChessBase"]
[SourceDate "2006.11.23"]
[SourceVersion "1"]
[SourceVersionDate "2006.11.23"]
[SourceQuality "1"]

1. e4 e6 2. d4 d5 3. Nc3 Nf6 4. e5 Nfd7 5. f4 c5 6. Nf3 Nc6 7. Be3 a6 8. Qd2 b5
9. h4 b4 10. Ne2 c4 11. h5 c3 12. bxc3 Nb6 13. Ng3 bxc3 14. Qf2 h6 15. f5 Be7
16. fxe6 Bxe6 17. Ne2 Nb4 18. Nxc3 Qc7 19. Qd2 Rc8 20. a3 Qxc3 21. Qxc3 Rxc3
22. Kd2 Rxe3 23. axb4 Ra3 24. Rxa3 Bxb4+ 25. Rc3 Na4 26. Bxa6 Nxc3 27. Ra1 Kd7
0-1

[Event "Sao Jose do Rio Preto YM"]
[Site "Sao Jose do Rio Preto"]
[Date "2005.??.??"]
[Round "7"]
[White "Cubas, Jose Fernando"]
[Black "Giaccio, Alfredo Gustavo"]
[Result "1/2-1/2"]
[WhiteElo "2401"]
[BlackElo "2467"]
[PlyCount "87"]
[EventDate "2005.??.??"]
[EventType "tourn"]
[EventRounds "9"]
[EventCountry "BRA"]
[SourceTitle "EXT 2007"]
[Source "ChessBase"]
[SourceDate "2006.11.23"]
[SourceVersion "1"]
[SourceVersionDate "2006.11.23"]
[SourceQuality "1"]

1. e4 e6 2. d4 d5 3. e5 c5 4. c3 Nc6 5. Nf3 Bd7 6. a3 Nge7 7. b4 cxd4 8. cxd4
Nf5 9. Bb2 Qb6 10. g4 Nfe7 11. Rg1 h5 12. h3 hxg4 13. hxg4 Na5 14. Nbd2 Rc8 15.
Rc1 Rxc1 16. Qxc1 Nac6 17. Nb3 Nd8 18. Qc5 Nec6 19. Qxb6 axb6 20. b5 Na5 21.
Nxa5 bxa5 22. a4 Bb4+ 23. Kd1 f6 24. Bd3 Nf7 25. Ke2 Ke7 26. Rc1 Rc8 27. Rh1
Rh8 28. Rxh8 Nxh8 29. Nh4 Kf7 30. f4 Be7 31. Nf3 f5 32. gxf5 exf5 33. Bc3 b6
34. Be1 Ng6 35. Ke3 Nf8 36. Bc2 Bc8 37. Bb3 Bb7 38. Bc2 g6 39. Bh4 Bxh4 40.
Nxh4 Bc8 41. Nf3 Ne6 42. Bb3 Bb7 43. Ng5+ Nxg5 44. fxg5 1/2-1/2

[Event "Sao Jose do Rio Preto YM"]
[Site "Sao Jose do Rio Preto"]
[Date "2005.??.??"]
[Round "8"]
[White "Cubas, Jose Fernando"]
[Black "El Debs, Felipe de Cresce"]
[Result "1-0"]
[WhiteElo "2401"]
[BlackElo "2351"]
[PlyCount "53"]
[EventDate "2005.??.??"]
[EventType "tourn"]
[EventRounds "9"]
[EventCountry "BRA"]
[SourceTitle "EXT 2007"]
[Source "ChessBase"]
[SourceDate "2006.11.23"]
[SourceVersion "1"]
[SourceVersionDate "2006.11.23"]
[SourceQuality "1"]

1. e4 c5 2. Nf3 d6 3. d4 cxd4 4. Nxd4 Nf6 5. Nc3 g6 6. Be2 Bg7 7. Be3 O-O 8.
Nb3 Nc6 9. O-O Be6 10. f4 Na5 11. f5 Bc4 12. Bd3 b5 13. Qe2 b4 14. Nd1 d5 15.
e5 Ne4 16. Nxa5 Qxa5 17. Bd4 Bxd3 18. cxd3 Nc5 19. Ne3 Nd7 20. f6 exf6 21. exf6
Bh6 22. Nf5 gxf5 23. Qh5 Bd2 24. Qxf5 Rfd8 25. Qg4+ Kf8 26. Rf3 Bh6 27. Qh5 1-0

[Event "Sao Jose do Rio Preto YM"]
[Site "Sao Jose do Rio Preto"]
[Date "2005.??.??"]
[Round "9"]
[White "Di Berardino, Diego Rafael"]
[Black "Cubas, Jose Fernando"]
[Result "0-1"]
[WhiteElo "2358"]
[BlackElo "2401"]
[PlyCount "55"]
[EventDate "2005.??.??"]
[EventType "tourn"]
[EventRounds "9"]
[EventCountry "BRA"]
[SourceTitle "EXT 2007"]
[Source "ChessBase"]
[SourceDate "2006.11.23"]
[SourceVersion "1"]
[SourceVersionDate "2006.11.23"]
[SourceQuality "1"]

1. e4 e6 2. d4 d5 3. Nc3 Nf6 4. Bg5 Bb4 5. e5 h6 6. Bd2 Bxc3 7. bxc3 Ne4 8. Qg4
g6 9. Bd3 Nxd2 10. Kxd2 c5 11. Nf3 Bd7 12. dxc5 Qc7 13. Rab1 Nc6 14. Qh4 Na5
15. Qf6 Rg8 16. Nd4 Qxc5 17. Bb5 Qe7 18. Bxd7+ Kxd7 19. Qf4 g5 20. Qg4 Rac8 21.
Rhd1 a6 22. Ke1 Kc7 23. Rb4 Kb8 24. Rdb1 Rxc3 25. Qe2 Rc4 26. Rxc4 dxc4 27. Qd2
Qc7 28. Qxa5 0-1

[Event "Pinamar ITT Lettieri"]
[Site "Pinamar"]
[Date "2005.03.08"]
[Round "1"]
[White "Cubas, Jose Fernando"]
[Black "Rubinetti, Jorge Alberto"]
[Result "1/2-1/2"]
[WhiteElo "2401"]
[BlackElo "2393"]
[PlyCount "98"]
[EventDate "2005.03.08"]
[EventType "tourn"]
[EventRounds "11"]
[EventCountry "ARG"]
[EventCategory "3"]
[SourceTitle "CBM 105 Extra"]
[Source "ChessBase"]
[SourceDate "2005.05.01"]
[SourceVersion "1"]
[SourceVersionDate "2005.05.01"]
[SourceQuality "1"]

1. e4 e5 2. Ne2 Nf6 3. f4 Nxe4 4. d3 Nc5 5. fxe5 d6 6. d4 Ne6 7. d5 Nc5 8. Bf4
Nbd7 9. exd6 Bxd6 10. Bxd6 cxd6 11. Nbc3 O-O 12. Qd4 Ne5 13. O-O-O a6 14. Ng3
f5 15. Nh5 Qg5+ 16. Nf4 Ne4 17. g3 Nxc3 18. Qxc3 Ng6 19. Qd2 Nxf4 20. gxf4 Qf6
21. Bg2 Bd7 22. Qb4 b5 23. Rhe1 a5 24. Qd4 Qxd4 25. Rxd4 Rfe8 26. Rxe8+ Rxe8
27. Kd2 Kf7 28. c4 Rc8 29. cxb5 Bxb5 30. b3 Kf6 31. a4 Bd7 32. Bf1 h6 33. b4
axb4 34. Rxb4 Rc5 35. Bc4 g5 36. Ke3 Be8 37. fxg5+ hxg5 38. Kd4 f4 39. Rb6 Ke7
40. Rb7+ Kf6 41. Rh7 Bxa4 42. Rh6+ Ke7 43. Re6+ Kd7 44. Rg6 Bd1 45. Rxg5 f3 46.
Bf1 Ke7 47. h4 Bb3 48. Rf5 Rxd5+ 49. Rxd5 Bxd5 1/2-1/2

[Event "Pinamar ITT Lettieri"]
[Site "Pinamar"]
[Date "2005.03.09"]
[Round "2"]
[White "Molina, Jorge"]
[Black "Cubas, Jose Fernando"]
[Result "0-1"]
[WhiteElo "2234"]
[BlackElo "2401"]
[PlyCount "86"]
[EventDate "2005.03.08"]
[EventType "tourn"]
[EventRounds "11"]
[EventCountry "ARG"]
[EventCategory "3"]
[SourceTitle "CBM 105 Extra"]
[Source "ChessBase"]
[SourceDate "2005.05.01"]
[SourceVersion "1"]
[SourceVersionDate "2005.05.01"]
[SourceQuality "1"]

1. Nf3 Nf6 2. c4 c6 3. Nc3 d5 4. d4 a6 5. c5 Nbd7 6. Bf4 Nh5 7. Bd2 Nhf6 8. Bf4
Nh5 9. Bd2 Qc7 10. e4 dxe4 11. Nxe4 Ndf6 12. Neg5 Bg4 13. Bc4 e6 14. h3 Bxf3
15. Qxf3 O-O-O 16. Be3 Re8 17. O-O-O h6 18. Nxf7 Qxf7 19. g4 g5 20. gxh5 Bg7
21. h4 g4 22. Qg2 Qxh5 23. Bxa6 Qd5 24. Qxd5 exd5 25. Bd3 Ne4 26. Rhg1 h5 27.
f3 Nxc5 28. dxc5 Rxe3 29. fxg4 hxg4 30. Rxg4 Bf6 31. Bf5+ Kc7 32. Rd3 Re1+ 33.
Kc2 Rh1 34. Rd2 R1xh4 35. Rxh4 Rxh4 36. b3 Be7 37. Bd3 Bxc5 38. Rg2 Bd4 39. a4
Kb6 40. b4 Be5 41. a5+ Kc7 42. b5 c5 43. b6+ Kd7 0-1

[Event "Pinamar ITT Lettieri"]
[Site "Pinamar"]
[Date "2005.03.11"]
[Round "4"]
[White "Di Berardino, Diego Rafael"]
[Black "Cubas, Jose Fernando"]
[Result "1/2-1/2"]
[WhiteElo "2358"]
[BlackElo "2401"]
[PlyCount "41"]
[EventDate "2005.03.08"]
[EventType "tourn"]
[EventRounds "11"]
[EventCountry "ARG"]
[EventCategory "3"]
[SourceTitle "CBM 105 Extra"]
[Source "ChessBase"]
[SourceDate "2005.05.01"]
[SourceVersion "1"]
[SourceVersionDate "2005.05.01"]
[SourceQuality "1"]

1. d4 d5 2. c4 e6 3. Nf3 Nf6 4. Nc3 c6 5. cxd5 exd5 6. Bg5 Bf5 7. Qb3 Qb6 8.
Bxf6 gxf6 9. Nd2 Nd7 10. e3 Rg8 11. g3 Bb4 12. Rc1 a5 13. Be2 Kf8 14. a4 Re8
15. O-O Bh3 16. Rfe1 f5 17. Nf3 Qd8 18. Bf1 Bg4 19. Bg2 Qb8 20. Qc2 Qc8 21. Nh4
1/2-1/2

[Event "Pinamar ITT Lettieri"]
[Site "Pinamar"]
[Date "2005.03.13"]
[Round "6"]
[White "Peralta, Eduardo"]
[Black "Cubas, Jose Fernando"]
[Result "0-1"]
[WhiteElo "2252"]
[BlackElo "2401"]
[PlyCount "72"]
[EventDate "2005.03.08"]
[EventType "tourn"]
[EventRounds "11"]
[EventCountry "ARG"]
[EventCategory "3"]
[SourceTitle "CBM 105 Extra"]
[Source "ChessBase"]
[SourceDate "2005.05.01"]
[SourceVersion "1"]
[SourceVersionDate "2005.05.01"]
[SourceQuality "1"]

1. d4 d5 2. Nf3 Nf6 3. c4 c6 4. Nc3 a6 5. a4 e6 6. g3 c5 7. cxd5 exd5 8. Bg2
Nc6 9. O-O Be6 10. Bg5 cxd4 11. Nxd4 Be7 12. Nxe6 fxe6 13. e4 d4 14. Ne2 e5 15.
Nc1 O-O 16. Nd3 Kh8 17. f4 Nd7 18. h4 Qe8 19. Rc1 Nb4 20. Rc7 Bd6 21. Rc1 Nxd3
22. Qxd3 h6 23. f5 hxg5 24. hxg5 Be7 25. f6 gxf6 26. Bh3 fxg5 27. Bf5 Nf6 28.
Kg2 Kg7 29. Qd2 Ng8 30. Rc7 Rf7 31. Rh1 Nh6 32. Be6 Bd8 33. Bxf7 Nxf7 34. Rxb7
Qc6 35. Qb4 Qxe4+ 36. Kg1 Rc8 0-1

[Event "Pinamar ITT Lettieri"]
[Site "Pinamar"]
[Date "2005.03.14"]
[Round "7"]
[White "Cubas, Jose Fernando"]
[Black "Rodi, Luis Ernesto"]
[Result "1/2-1/2"]
[WhiteElo "2401"]
[BlackElo "2258"]
[PlyCount "118"]
[EventDate "2005.03.08"]
[EventType "tourn"]
[EventRounds "11"]
[EventCountry "ARG"]
[EventCategory "3"]
[SourceTitle "CBM 105 Extra"]
[Source "ChessBase"]
[SourceDate "2005.05.01"]
[SourceVersion "1"]
[SourceVersionDate "2005.05.01"]
[SourceQuality "1"]

1. e4 e5 2. Nf3 Nc6 3. Bc4 Bc5 4. c3 Qe7 5. O-O Nf6 6. d4 Bb6 7. Re1 d6 8. h3
h6 9. Na3 g5 10. Bb5 Bd7 11. Nc4 g4 12. hxg4 Nxg4 13. a4 a6 14. Nxb6 cxb6 15.
Bf1 Qf6 16. Qb3 exd4 17. e5 dxe5 18. Qxb6 O-O 19. cxd4 exd4 20. Qxb7 Qd6 21.
Qb3 Bf5 22. Bd3 Be6 23. Qa3 Qc7 24. Qc5 Rfd8 25. Bxh6 Rd5 26. Qc1 Rh5 27. Bf4
Qd7 28. Be4 Rc8 29. Qd2 f5 30. Bd3 Qh7 31. Kf1 Re8 32. Rxe6 Rxe6 33. Bc4 Rh1+
34. Ng1 Qh6 35. Bxe6+ Qxe6 36. Qd3 Kf7 37. Rc1 a5 38. Qc4 Ne7 39. Qxd4 Nd5 40.
f3 Qa6+ 41. Ke1 Rxg1+ 42. Qxg1 Nxf4 43. Rc2 Qe6+ 44. Kd2 Ne5 45. Qa7+ Kg6 46.
Qd4 Ned3 47. Qe3 Qd6 48. Qe8+ Kg7 49. Qc6 Qf8 50. Qb7+ Kg6 51. g3 Nb4 52. Rc6+
Nxc6 53. Qxc6+ Kg5 54. gxf4+ Kxf4 55. Qc3 Qd6+ 56. Ke2 Qe6+ 57. Kf2 Qb6+ 58.
Ke2 Qe6+ 59. Kf2 Qb6+ 1/2-1/2

[Event "Pinamar ITT Lettieri"]
[Site "Pinamar"]
[Date "2005.03.15"]
[Round "8"]
[White "Mahia, Gustavo"]
[Black "Cubas, Jose Fernando"]
[Result "0-1"]
[WhiteElo "2364"]
[BlackElo "2401"]
[PlyCount "82"]
[EventDate "2005.03.08"]
[EventType "tourn"]
[EventRounds "11"]
[EventCountry "ARG"]
[EventCategory "3"]
[SourceTitle "CBM 105 Extra"]
[Source "ChessBase"]
[SourceDate "2005.05.01"]
[SourceVersion "1"]
[SourceVersionDate "2005.05.01"]
[SourceQuality "1"]

1. d4 d5 2. c4 c6 3. cxd5 cxd5 4. Nc3 Nf6 5. Bf4 Nc6 6. Nf3 Bf5 7. e3 e6 8. Bb5
Nd7 9. Qa4 Rc8 10. O-O a6 11. Bxc6 Rxc6 12. Rfc1 Qc8 13. e4 Bxe4 14. Nxe4 dxe4
15. d5 exd5 16. Nd4 b5 17. Qd1 Rc4 18. b3 Rc5 19. Nf5 Ne5 20. Bxe5 Qxf5 21. Qd4
f6 22. Bg3 Rxc1+ 23. Rxc1 Ba3 24. Rc7 O-O 25. Qa7 e3 26. fxe3 Qb1+ 27. Kf2 Qf5+
28. Kg1 Qg4 29. Bf4 Rc8 30. h3 Rxc7 31. Qxc7 Qe6 32. Kf2 h6 33. Qc3 Qe4 34.
Qc8+ Kh7 35. Qxa6 Bc5 36. g3 d4 37. Qxb5 dxe3+ 38. Ke1 Qb1+ 39. Ke2 Qc2+ 40.
Kf3 Qf2+ 41. Kg4 h5+ 0-1

[Event "Pinamar ITT Lettieri"]
[Site "Pinamar"]
[Date "2005.03.17"]
[Round "10"]
[White "Cubas, Jose Fernando"]
[Black "Roca, Alfredo Cristian"]
[Result "1-0"]
[WhiteElo "2401"]
[BlackElo "2366"]
[PlyCount "85"]
[EventDate "2005.03.08"]
[EventType "tourn"]
[EventRounds "11"]
[EventCountry "ARG"]
[EventCategory "3"]
[SourceTitle "CBM 105 Extra"]
[Source "ChessBase"]
[SourceDate "2005.05.01"]
[SourceVersion "1"]
[SourceVersionDate "2005.05.01"]
[SourceQuality "1"]

1. e4 e6 2. d4 d5 3. e5 c5 4. c3 Nc6 5. Nf3 Bd7 6. a3 a5 7. Bd3 Qb6 8. O-O a4
9. Bc2 Nh6 10. Re1 Be7 11. Bxa4 Nxe5 12. Bxd7+ Nxd7 13. c4 Nf6 14. cxd5 Nxd5
15. Bxh6 gxh6 16. Nc3 Nxc3 17. bxc3 cxd4 18. cxd4 O-O 19. Qd2 Rxa3 20. Rxa3
Bxa3 21. Qxh6 Qb5 22. Re5 Qb1+ 23. Ne1 Be7 24. d5 Qa1 25. Qf4 h6 26. dxe6 fxe6
27. Qg4+ Kh8 28. Rxe6 Bf6 29. g3 Bg7 30. Kg2 b5 31. Nd3 Qa2 32. Nf4 Kh7 33. Re7
Qb2 34. Rxg7+ Qxg7 35. Qxg7+ Kxg7 36. Ne6+ Kg8 37. Nxf8 b4 38. Nd7 b3 39. Nf6+
Kf7 40. Ne4 b2 41. Nc3 Ke6 42. Kf3 Ke5 43. Ke3 1-0

[Event "Pinamar ITT Lettieri"]
[Site "Pinamar"]
[Date "2005.03.18"]
[Round "11"]
[White "Vera Insfran, Jorge Enrique"]
[Black "Cubas, Jose Fernando"]
[Result "0-1"]
[WhiteElo "2247"]
[BlackElo "2401"]
[PlyCount "100"]
[EventDate "2005.03.08"]
[EventType "tourn"]
[EventRounds "11"]
[EventCountry "ARG"]
[EventCategory "3"]
[SourceTitle "CBM 105 Extra"]
[Source "ChessBase"]
[SourceDate "2005.05.01"]
[SourceVersion "1"]
[SourceVersionDate "2005.05.01"]
[SourceQuality "1"]

1. d4 d5 2. Nf3 Nf6 3. Bg5 Ne4 4. Bf4 c5 5. e3 Qb6 6. Qc1 Nc6 7. c3 cxd4 8.
exd4 Bf5 9. Nbd2 Rc8 10. Be2 e6 11. O-O Be7 12. Be3 O-O 13. Nxe4 Bxe4 14. Qd2
a5 15. a4 h6 16. Ne1 Bd6 17. Bd3 Qc7 18. f4 f5 19. g3 Rf7 20. Nf3 Rcf8 21. Ne5
Nxe5 22. dxe5 Bc5 23. Bb5 g5 24. Bd4 gxf4 25. Rxf4 Be7 26. h4 Rg7 27. Qe3 Kh7
28. Kf2 Rfg8 29. Be2 Qd8 30. Rg1 Qe8 31. Bb5 Qd8 32. Be2 Bc2 33. Bb5 Rg4 34.
Rxg4 Rxg4 35. Be2 Rg8 36. Qf4 Qf8 37. Be3 Bc5 38. Bxc5 Qxc5+ 39. Qd4 Qe7 40.
Bd3 Bxd3 41. Qxd3 Qc7 42. Re1 Qb6+ 43. Qd4 Qxb2+ 44. Re2 Qb1 45. Qc5 f4 46.
Qe7+ Rg7 47. Qxe6 fxg3+ 48. Kg2 Qd3 49. Rb2 Qe4+ 50. Kh3 Qh1+ 0-1

[Event "Carilo Magistral 2nd"]
[Site "Carilo"]
[Date "2005.04.05"]
[Round "1"]
[White "Quiroga, Facundo"]
[Black "Cubas, Jose Fernando"]
[Result "1/2-1/2"]
[WhiteElo "2335"]
[BlackElo "2387"]
[PlyCount "37"]
[EventDate "2005.04.05"]
[EventType "tourn"]
[EventRounds "9"]
[EventCountry "ARG"]
[EventCategory "3"]
[SourceTitle "CBM 105 Extra"]
[Source "ChessBase"]
[SourceDate "2005.05.01"]
[SourceVersion "1"]
[SourceVersionDate "2005.05.01"]
[SourceQuality "1"]

1. d4 Nf6 2. c4 g6 3. Nc3 d5 4. Nf3 Bg7 5. g3 O-O 6. Bg2 c6 7. cxd5 cxd5 8. Ne5
Nc6 9. O-O Nxe5 10. dxe5 Ng4 11. Nxd5 Nxe5 12. Bg5 Nc6 13. Nxe7+ Nxe7 14. Qxd8
Rxd8 15. Bxe7 Re8 16. Ba3 Rxe2 17. Bf3 Re8 18. Rac1 Be6 19. b3 1/2-1/2

[Event "Carilo Magistral 2nd"]
[Site "Carilo"]
[Date "2005.04.06"]
[Round "2"]
[White "Da Silva, Alessandro Rodrigue"]
[Black "Cubas, Jose Fernando"]
[Result "0-1"]
[WhiteElo "2203"]
[BlackElo "2387"]
[PlyCount "76"]
[EventDate "2005.04.05"]
[EventType "tourn"]
[EventRounds "9"]
[EventCountry "ARG"]
[EventCategory "3"]
[SourceTitle "CBM 105 Extra"]
[Source "ChessBase"]
[SourceDate "2005.05.01"]
[SourceVersion "1"]
[SourceVersionDate "2005.05.01"]
[SourceQuality "1"]

1. e4 e6 2. d3 d5 3. Nd2 c5 4. g3 Nc6 5. Bg2 g6 6. f4 Nge7 7. Nh3 Bg7 8. O-O
O-O 9. g4 f5 10. gxf5 exf5 11. e5 Nd4 12. Nf3 Nxf3+ 13. Qxf3 d4 14. Bd2 Rb8 15.
Be1 Qb6 16. Bh4 Re8 17. b3 Bd7 18. Bxe7 Rxe7 19. Ng5 h6 20. Qd5+ Kh8 21. Rf3
Bxe5 22. fxe5 hxg5 23. Rh3+ Kg7 24. e6 Qxe6 25. Qxc5 g4 26. Qxd4+ Qe5 27. Qxe5+
Rxe5 28. Rg3 Re2 29. Rc1 Rh8 30. Bxb7 Rexh2 31. Re3 f4 32. Re7+ Kf6 33. Rxd7 f3
34. Rd6+ Ke7 35. Bxf3 gxf3 36. Rxg6 f2+ 37. Kf1 Rf8 38. Rg7+ Kd8 0-1

[Event "Carilo Magistral 2nd"]
[Site "Carilo"]
[Date "2005.04.06"]
[Round "3"]
[White "Cubas, Jose Fernando"]
[Black "El Debs, Felipe de Cresce"]
[Result "1/2-1/2"]
[WhiteElo "2387"]
[BlackElo "2341"]
[PlyCount "65"]
[EventDate "2005.04.05"]
[EventType "tourn"]
[EventRounds "9"]
[EventCountry "ARG"]
[EventCategory "3"]
[SourceTitle "CBM 105 Extra"]
[Source "ChessBase"]
[SourceDate "2005.05.01"]
[SourceVersion "1"]
[SourceVersionDate "2005.05.01"]
[SourceQuality "1"]

1. e4 c5 2. Nf3 d6 3. d4 cxd4 4. Nxd4 Nf6 5. Nc3 g6 6. Be3 Bg7 7. Be2 Nc6 8.
Nb3 O-O 9. O-O Ne5 10. Kh1 Be6 11. f4 Nc4 12. Bd4 Rc8 13. f5 Bd7 14. Bxc4 Rxc4
15. Qd3 b5 16. Rad1 Bc6 17. Qe2 Nd7 18. Bxg7 Kxg7 19. Nd4 a6 20. a4 Qb6 21.
Nxc6 Qxc6 22. axb5 axb5 23. Nd5 Nf6 24. Qf3 Rxe4 25. Nxe7 Qxc2 26. Rxd6 g5 27.
Nd5 Nxd5 28. f6+ Kh8 29. Rxd5 Rf4 30. Qd1 Qxd1 31. Rfxd1 h6 32. Rxb5 Rxf6 33.
h4 1/2-1/2

[Event "Carilo Magistral 2nd"]
[Site "Carilo"]
[Date "2005.04.07"]
[Round "4"]
[White "Dos Santos, Francisco Jose"]
[Black "Cubas, Jose Fernando"]
[Result "0-1"]
[WhiteElo "2209"]
[BlackElo "2387"]
[PlyCount "166"]
[EventDate "2005.04.05"]
[EventType "tourn"]
[EventRounds "9"]
[EventCountry "ARG"]
[EventCategory "3"]
[SourceTitle "CBM 105 Extra"]
[Source "ChessBase"]
[SourceDate "2005.05.01"]
[SourceVersion "1"]
[SourceVersionDate "2005.05.01"]
[SourceQuality "1"]

1. e4 e6 2. d4 d5 3. Nd2 Nf6 4. e5 Nfd7 5. Bd3 c5 6. c3 Nc6 7. Ne2 cxd4 8. cxd4
f6 9. f4 fxe5 10. fxe5 Nxd4 11. O-O Qb6 12. Kh1 Nxe5 13. Nb3 Nxb3 14. axb3 Be7
15. Nd4 Nxd3 16. Qxd3 Bf6 17. Rxf6 gxf6 18. Bh6 Bd7 19. Bg7 Kf7 20. Bxh8 Rxh8
21. Rf1 Qd6 22. Nf3 Kg7 23. Qd4 Ra8 24. Qh4 e5 25. Qh5 Kh8 26. Nh4 f5 27. g4 d4
28. gxf5 Bc6+ 29. Kg1 d3 30. Ng6+ Kg8 31. f6 Qc5+ 32. Rf2 Qc1+ 33. Rf1 Qe3+ 34.
Rf2 Qc1+ 35. Rf1 Qc5+ 36. Rf2 Qc1+ 37. Rf1 Qe3+ 38. Rf2 d2 39. f7+ Kg7 40.
f8=Q+ Rxf8 41. Nxf8 Qe1+ 42. Rf1 Qe3+ 43. Rf2 d1=Q+ 44. Qxd1 Qg5+ 45. Kf1 Bb5+
46. Re2 Bxe2+ 47. Qxe2 Qf4+ 48. Kg1 Kxf8 49. Qc2 Qg4+ 50. Kf1 Qf3+ 51. Kg1 Qg4+
52. Kf1 Qh3+ 53. Kg1 Qe3+ 54. Kf1 Qf4+ 55. Kg2 Qg5+ 56. Kf1 Kg7 57. Qc7+ Kg6
58. Qxb7 Qc1+ 59. Kg2 Qxb2+ 60. Kg3 Qc3+ 61. Kg2 Qc2+ 62. Kg3 Qd3+ 63. Kg2 Qd2+
64. Kg3 Qe3+ 65. Kg2 h5 66. Qc6+ Kg5 67. Qd5 Kh4 68. Qc4+ Qd4 69. Qf7 Qg4+ 70.
Kh1 Qd1+ 71. Kg2 Qe2+ 72. Kh1 Kg4 73. Qxa7 e4 74. Qg7+ Kf5 75. Qd7+ Kf4 76.
Qd6+ Ke3 77. Qc5+ Kd2 78. Qd4+ Ke1 79. Qc3+ Qd2 80. Qg3+ Kd1 81. Qh3 Qe1+ 82.
Kg2 Qe2+ 83. Kg1 Qg4+ 0-1

[Event "Carilo Magistral 2nd"]
[Site "Carilo"]
[Date "2005.04.07"]
[Round "5"]
[White "Cubas, Jose Fernando"]
[Black "Varela, Daniel"]
[Result "1-0"]
[WhiteElo "2387"]
[BlackElo "2141"]
[PlyCount "67"]
[EventDate "2005.04.05"]
[EventType "tourn"]
[EventRounds "9"]
[EventCountry "ARG"]
[EventCategory "3"]
[SourceTitle "CBM 105 Extra"]
[Source "ChessBase"]
[SourceDate "2005.05.01"]
[SourceVersion "1"]
[SourceVersionDate "2005.05.01"]
[SourceQuality "1"]

1. e4 c5 2. Nf3 Nc6 3. d4 cxd4 4. Nxd4 Nf6 5. Nc3 e5 6. Ndb5 d6 7. Bg5 a6 8.
Na3 b5 9. Bxf6 gxf6 10. Nd5 f5 11. c3 Bg7 12. exf5 Bxf5 13. Nc2 O-O 14. Nce3
Be6 15. g3 Ra7 16. Bg2 f5 17. O-O Kh8 18. f4 e4 19. Rf2 a5 20. a3 Qb8 21. Qh5
b4 22. Bh3 bxc3 23. Bxf5 Bxf5 24. Nxf5 cxb2 25. Rb1 Rb7 26. Nxg7 Kxg7 27. Qe2
Qa7 28. Qxe4 Ne5 29. Kg2 Ng4 30. Rfxb2 Rbf7 31. h3 Nh6 32. Ne3 Qc5 33. Rb5 Qc3
34. Rd1 1-0

[Event "Carilo Magistral 2nd"]
[Site "Carilo"]
[Date "2005.04.08"]
[Round "6"]
[White "Claverie, Raul Ricardo"]
[Black "Cubas, Jose Fernando"]
[Result "0-1"]
[WhiteElo "2371"]
[BlackElo "2387"]
[PlyCount "98"]
[EventDate "2005.04.05"]
[EventType "tourn"]
[EventRounds "9"]
[EventCountry "ARG"]
[EventCategory "3"]
[SourceTitle "CBM 105 Extra"]
[Source "ChessBase"]
[SourceDate "2005.05.01"]
[SourceVersion "1"]
[SourceVersionDate "2005.05.01"]
[SourceQuality "1"]

1. e4 e6 2. d4 d5 3. exd5 exd5 4. Nc3 Nf6 5. Nf3 c6 6. Bd3 Bd6 7. Qe2+ Qe7 8.
h3 Nbd7 9. O-O Nf8 10. Qxe7+ Kxe7 11. Nh4 h6 12. Re1+ Kd8 13. Nf5 Bxf5 14. Bxf5
g6 15. Bd3 Kd7 16. Ne2 Re8 17. c3 Ne6 18. g3 Ng5 19. Kg2 Nfe4 20. Ng1 f5 21. f4
Ne6 22. Nf3 g5 23. fxg5 Bxg3 24. Bxe4 dxe4 25. Kxg3 exf3 26. gxh6 f4+ 27. Bxf4
Rhg8+ 28. Kxf3 Rgf8 29. Rxe6 Rxe6 30. Kg4 Re4 31. Rf1 Ke6 32. h7 Rh8 33. Kf3
Kf5 34. Bg5 Rxh7 35. h4 a5 36. Rf2 a4 37. Re2 Rxe2 38. Kxe2 Ke4 39. b3 a3 40.
b4 b5 41. Kd2 Rf7 42. Kc2 Rf2+ 43. Kb3 Kd3 44. d5 cxd5 45. Bh6 Rb2+ 46. Kxa3
Rb1 47. Bg7 Kc2 48. h5 Re1 49. h6 Re8 0-1